ՀՀ Գիտությունների ազգային ակադեմիայի հիմնարար գիտական գրադարան  =   Fundamental Scientific Library of NAS RA

Долговечность машин в сельском хозяйстве и проблемы их ремонта : (Record no. 529674)

MARC details
000 -LEADER
fixed length control field 01786nam a22002417a 4500
003 - CONTROL NUMBER IDENTIFIER
control field AM-YEHGA
005 - DATE AND TIME OF LATEST TRANSACTION
control field 20250617164809.0
008 - FIXED-LENGTH DATA ELEMENTS--GENERAL INFORMATION
fixed length control field 221128s1962 ru |||||||||||||||||rus||
040 ## - CATALOGING SOURCE
Original cataloging agency AM-YeHGA
041 0# - LANGUAGE CODE
Language code of text/sound track or separate title rus
001 - CONTROL NUMBER
control field 569105
090 ## - LOCALLY ASSIGNED LC-TYPE CALL NUMBER (OCLC); LOCAL CALL NUMBER (RLIN)
-- 568157
245 00 - TITLE STATEMENT
Title Долговечность машин в сельском хозяйстве и проблемы их ремонта :
Remainder of title (Материалы координационного совещания) /
Statement of responsibility, etc. Всесоюз. объедин. Сов. мин. СССР "Союзсельхозтехника"; Гос. всесоюз. научно-исслед. технолог. ин-т ремонта и эксплуатац. машинно-трактор. парка (ГОСНИТИ); Мин. с.-х. СССР; Всесоюз. акад. с.-х. наук В.И. Ленина.
260 ## - PUBLICATION, DISTRIBUTION, ETC.
Place of publication, distribution, etc. Москва :
Name of publisher, distributor, etc. Бюро тех. информ. ГОСНИТИ ,
Date of publication, distribution, etc. 1962.
300 ## - PHYSICAL DESCRIPTION
Extent 250 с. :
Other physical details табл., рис. ;
Dimensions 21 см.
650 14 - SUBJECT ADDED ENTRY--TOPICAL TERM
Topical term or geographic name entry element Механизация сельского хозяйства
650 14 - SUBJECT ADDED ENTRY--TOPICAL TERM
Topical term or geographic name entry element Сельскохозяйственные машины и орудия
710 2# - ADDED ENTRY--CORPORATE NAME
Corporate name or jurisdiction name as entry element Всесоюзное объединение Совета министров СССР "Союзсельхозтехника"
710 2# - ADDED ENTRY--CORPORATE NAME
Corporate name or jurisdiction name as entry element Государственный всесоюзный научно-исследовательский технологический институт ремонта и эксплуатации машинно-тракторного парка (ГОСНИТИ)
710 2# - ADDED ENTRY--CORPORATE NAME
Corporate name or jurisdiction name as entry element Министерство сельского хозяйства СССР
710 2# - ADDED ENTRY--CORPORATE NAME
Corporate name or jurisdiction name as entry element Всесоюзная академия сельскохозяйственных наук им. В.И. Ленина
942 ## - ADDED ENTRY ELEMENTS (KOHA)
Source of classification or shelving scheme Universal Decimal Classification
Koha item type Գրքեր / Books
Holdings
Withdrawn status Lost status Damaged status Not for loan Collection Home library Current library Date acquired Total checkouts Full call number Barcode Date last seen Price effective from Koha item type Public note
        General Fundamental Scientific Library Fundamental Scientific Library 01/04/2022   РII/72957 FL0676044 01/04/2022 01/04/2022 Գրքեր / Books 30 Days Loan


ՀՀ ԳԱԱ հիմնարար գիտական գրադարան
ՀՀ,Երևան 0019
Մարշալ Բաղրամյան 24/6
հեռախոս:(374-10) 52-47-50
Հետադարձ կապ

All site content, except where otherwise noted, is licensed under a
Creative Commons License